000 01421nam a22003497a 4500
003 DO-SdBNP
005 20240301135708.0
007 ta
008 220203b2021 dr ace|| |||| 00| 0 spa d
020 _a9789945929607
040 _aDO-SdBNP
_bspa
_cBNPHU
082 4 _a728.5097293
_bM385j
_222
100 1 _aMartínez Suárez, Alex
_981116
245 1 0 _aJaragua no cae =Jaragua won't crumble /
_cAlex Martínez Suárez ; Rab Messina ; traductor Rab Messina ; prólogo José Enrique Delmonte
246 1 0 _aJaragua won't crumble.
260 _aSantiago de los Caballeros :
_bCentro Cultural Eduardo León Jimenes ;
_bGraham Fundation,
_c2021.
300 _a326 p. :
_bil.; fots. ;
_c24 cm.
500 _aIncluye datos biográficos de los autores en las solapas.
500 _aTexto en español e inglés.
504 _aBibliografía: p. 322-326.
546 _aTexto en Inglés y Español
590 _aInventariado, 2022 / LP
610 2 4 _aHotel Jaragua (Santo Domingo, República Dominicana)
_xHistoria
_981325
650 4 _aArquitectura de hoteles
_zRepública Dominicana
_981326
650 4 _aArquitectura dominicana
_ySiglo XX
_981327
700 1 _aMessina, Rab
_eautor
_981117
700 1 _aMessina, Rab
_etr.
_981117
700 1 _aDelmonte, José Enrique,
_epról.
_981118
700 1 _aCandelier, Ivanna,
_efot.
_975954
910 _aLopérez./Validado. Control de calidad MFF
942 _2ddc
_cLBS1
999 _c51324
_d51324